00471nam a2200145Ia 4500008004100000245009700041260001800138260000900156300000800165500000900173650001300182856003800195999001900233952007300252170516s9999 xx 000 0 und d aDesign, Synthesis and in Vitro Degradation of a Novel Co-Drug for the Treatment of Psoriasis bPharmaceutics c2013 a5:2 aJune xPharmacy uhttp://www.mdpi.com/1999-4923/5/2 c331155d331155 001040aCLbCLd2017-05-16l0r2017-05-16 00:00:00w2017-05-16yFOJ